| 000 | 01517cam a2200337 i 4500 | ||
|---|---|---|---|
| 999 |
_c754 _d754 |
||
| 001 | .b54463968 | ||
| 003 | OCoLC | ||
| 005 | 20191206111916.0 | ||
| 008 | 190720t20172015enka j 000 f eng d | ||
| 020 |
_a9780141377094 _q(pbk.) |
||
| 020 |
_a0141377097 _q(pbk.) |
||
| 035 | _a(OCoLC)973023463 | ||
| 040 |
_aNLE _beng _erda _cNLE _dOCLCO _dAUPTL _dOCLCQ _dAUPTL _dKTS _dERD _dOCLCF _dUKMGB _dBHJHS _dOCLCO _dNTNU |
||
| 042 | _anbic | ||
| 082 | _aFIC KIN | ||
| 100 | 1 |
_aKinney, Jeff, _eauthor. |
|
| 245 | 1 | 0 |
_aDiary of a wimpy kid : _bold school / _cby Jeff Kinney. |
| 264 | 1 |
_aLondon : _bPuffin Books, _c2017. |
|
| 264 | 4 | _c©2015. | |
| 300 |
_a217 pages : _billustrations ; _c20 cm. |
||
| 336 |
_atext _btxt _2rdacontent. |
||
| 336 |
_astill image _bsti _2rdacontent. |
||
| 337 |
_aunmediated _bn _2rdamedia. |
||
| 338 |
_avolume _bnc _2rdacarrier. |
||
| 440 |
_aDiary of a wimpy kid ; _vBk 10 |
||
| 490 | 1 |
_aDiary of a wimpy kid ; _vBk 10 |
|
| 500 | _aOriginally published in the English Language in the USA by Amulet Books, an imprint of ABRAMS, 2015. | ||
| 520 | _aLife was better in the old days. Or was it? That's the question Greg Heffley is asking as his town voluntarily unplugs and goes electronics-free. But modern life has its conveniences, and Greg isn't cut out for an old-fashioned world. With tension building inside and outside the Heffley home, will Greg find a way to survive? Or is going 'old school' just too hard for a kid like Greg? | ||
| 600 | 1 | 0 |
_aHeffley, Greg _vJuvenile fiction. |
| 942 |
_2ddc _cFIC |
||